Ekonomický a menový vývoj Slovenska v roku 1994. 7
Z výročnej správy Národnej banky Slovenska za r. 1994. Hodnotenie vývoja peňažnej zásoby. Charakteristika nástrojov menovej politiky.
Salvato in:
| Natura: | Capitolo di libro |
|---|---|
| Lingua: | slovacco |
| Soggetti: | |
| Tags: |
Nessun Tag, puoi essere il primo ad aggiungerne!!
|
MARC
| LEADER | 00000naa a2200000 4500 | ||
|---|---|---|---|
| 001 | r018632 | ||
| 005 | 20221205101821.6 | ||
| 041 | 0 | |a slo | |
| 044 | |a SK | ||
| 245 | 1 | 0 | |a Ekonomický a menový vývoj Slovenska v roku 1994. 7 |
| 520 | |a Z výročnej správy Národnej banky Slovenska za r. 1994. Hodnotenie vývoja peňažnej zásoby. Charakteristika nástrojov menovej politiky. | ||
| 610 | 2 | 0 | |a Slovensko |
| 610 | 2 | 0 | |a 1994 |
| 610 | 2 | 0 | |a rast hospodársky |
| 610 | 2 | 0 | |a správy výročné |
| 610 | 2 | 0 | |a NBS Bratislava |
| 610 | 2 | 0 | |a vývoj menový |
| 610 | 2 | 0 | |a politika menová |
| 610 | 2 | 0 | |a zásoba peňažná |
| 610 | 2 | 0 | |a nástroje ekonomické |